[Event "WCO2014"]
[Site "Tromso"]
[Date "2014.08.05"]
[Round "4.28"]
[WhiteID "7101589"]
[White "Setyaki Azarya Jodi"]
[BlackID "14700042"]
[Black "Khamdamov Suhrob"]
[Result "1/2-1/2"]
[LiveChessVersion "1.4.3"]
[BlackElo "2301"]
[WhiteElo "2186"]

1. e4 {[%clk 1:30:56]} c5 {[%clk 1:30:55]} 2. Nf3 {[%clk 1:31:20]} d6
{[%clk 1:31:19]} 3. d4 {[%clk 1:31:34]} cxd4 {[%clk 1:31:38]} 4. Nxd4
{[%clk 1:31:57]} Nf6 {[%clk 1:32:00]} 5. Nc3 {[%clk 1:32:23]} Nc6
{[%clk 1:32:21]} 6. Bc4 {[%clk 1:32:15]} Qb6 {[%clk 1:32:28]} 7. Nb3
{[%clk 1:32:31]} e6 {[%clk 1:32:38]} 8. Bf4 {[%clk 1:30:59]} Ne5 {[%clk 1:31:53]}
9. Be2 {[%clk 1:31:19]} Be7 {[%clk 1:29:17]} 10. g4 {[%clk 1:30:25]} h6
{[%clk 1:24:59]} 11. Rg1 {[%clk 1:25:31]} Bd7 {[%clk 1:22:42]} 12. h4
{[%clk 1:21:41]} Bc6 {[%clk 1:19:04]} 13. Be3 {[%clk 1:21:36]} Qc7
{[%clk 1:18:44]} 14. Qd4 {[%clk 1:10:08]} a6 {[%clk 1:10:32]} 15. g5
{[%clk 1:08:26]} hxg5 {[%clk 1:06:19]} 16. hxg5 {[%clk 1:08:46]} Nfd7
{[%clk 0:45:35]} 17. O-O-O {[%clk 0:59:42]} Bf8 {[%clk 0:36:00]} 18. f4
{[%clk 0:46:53]} Ng6 {[%clk 0:36:00]} 19. f5 {[%clk 0:35:25]} exf5
{[%clk 0:30:39]} 20. exf5 {[%clk 0:34:47]} Rh4 {[%clk 0:29:20]} 21. Qd2
{[%clk 0:29:44]} Nge5 {[%clk 0:29:33]} 22. Bf2 {[%clk 0:26:29]} Rh2
{[%clk 0:27:39]} 23. Bg3 {[%clk 0:24:52]} Rh3 {[%clk 0:26:48]} 24. Nd5
{[%clk 0:20:28]} Bxd5 {[%clk 0:25:47]} 25. Qxd5 {[%clk 0:20:51]} Rc8
{[%clk 0:26:25]} 26. Nd4 {[%clk 0:19:48]} Nb6 {[%clk 0:10:58]} 27. Qg2
{[%clk 0:19:00]} Rh8 {[%clk 0:11:24]} 28. Bf3 {[%clk 0:15:40]} Nbc4
{[%clk 0:10:01]} 29. Rge1 {[%clk 0:15:38]} Be7 {[%clk 0:08:04]} 30. f6
{[%clk 0:10:08]} gxf6 {[%clk 0:07:52]} 31. Bd5 {[%clk 0:06:04]} b5
{[%clk 0:05:24]} 32. Nf5 {[%clk 0:03:23]} Kf8 {[%clk 0:04:50]} 33. Bxc4
{[%clk 0:02:53]} bxc4 {[%clk 0:04:03]} 34. gxf6 {[%clk 0:02:17]} Bxf6
{[%clk 0:04:31]} 35. Nxd6 {[%clk 0:02:11]} Nd3+ {[%clk 0:04:04]} 36. Rxd3
{[%clk 0:02:36]} cxd3 {[%clk 0:04:27]} 37. Nxc8 {[%clk 0:02:55]} Bg5+
{[%clk 0:03:19]} 38. Kb1 {[%clk 0:03:18]} dxc2+ {[%clk 0:02:51]} 39. Qxc2
{[%clk 0:03:24]} Qxg3 {[%clk 0:03:13]} 40. Qc5+ {[%clk 0:02:58]} Kg7
{[%clk 0:03:38]} 41. Rg1 {[%clk 0:17:27]} Rxc8 {[%clk 0:30:53]} 42. Qxg5+
{[%clk 0:13:43]} Qxg5 {[%clk 0:31:16]} 43. Rxg5+ {[%clk 0:14:11]} Kh6
{[%clk 0:30:23]} 44. Ra5 {[%clk 0:14:23]} Rc6 {[%clk 0:30:47]} 45. b4
{[%clk 0:13:31]} Rb6 {[%clk 0:28:51]} 46. Kc2 {[%clk 0:13:49]} Rxb4
{[%clk 0:27:05]} 47. Rxa6+ {[%clk 0:14:13]} Kg5 {[%clk 0:27:27]} 48. Kc3
{[%clk 0:11:49]} Rb1 {[%clk 0:25:42]} 49. a4 {[%clk 0:11:55]} f5 {[%clk 0:26:05]}
50. Ra8 {[%clk 0:12:18]} f4 {[%clk 0:25:58]} 51. Rf8 {[%clk 0:11:53]} Kg4
{[%clk 0:25:38]} 52. Kc4 {[%clk 0:11:22]} f3 {[%clk 0:24:51]} 53. a5
{[%clk 0:11:41]} Kg3 {[%clk 0:23:04]} 54. a6 {[%clk 0:12:04]} f2 {[%clk 0:23:15]}
55. Kc5 {[%clk 0:11:33]} f1=Q {[%clk 0:21:14]} 56. Rxf1 {[%clk 0:11:57]} Rxf1
{[%clk 0:21:37]} 57. a7 {[%clk 0:12:20]} Rf8 {[%clk 0:21:42]} 58. Kb6
{[%clk 0:12:44]} Kf4 {[%clk 0:22:00]} 59. Kb7 {[%clk 0:13:08]} Rf7+
{[%clk 0:22:19]} 60. Kb6 {[%clk 0:13:33]} 1/2-1/2

[Event "WCO2014"]
[Site "Tromso"]
[Date "2014.08.05"]
[Round "4.40"]
[WhiteID "930849"]
[White "Predojevic Borki"]
[BlackID "6600280"]
[Black "Sanchez Jorge"]
[Result "1-0"]
[LiveChessVersion "1.4.3"]
[BlackElo "2090"]
[WhiteElo "2604"]

1. e4 {[%clk 1:30:57]} d6 {[%clk 1:30:41]} 2. d4 {[%clk 1:31:22]} Nf6
{[%clk 1:31:05]} 3. Bd3 {[%clk 1:31:47]} e5 {[%clk 1:31:30]} 4. c3
{[%clk 1:32:13]} g6 {[%clk 1:31:50]} 5. Nf3 {[%clk 1:32:31]} Nbd7
{[%clk 1:32:13]} 6. O-O {[%clk 1:31:49]} Bg7 {[%clk 1:32:35]} 7. Re1
{[%clk 1:31:24]} O-O {[%clk 1:32:58]} 8. Bg5 {[%clk 1:31:47]} h6 {[%clk 1:33:17]}
9. Bh4 {[%clk 1:32:12]} b6 {[%clk 1:31:48]} 10. Bb5 {[%clk 1:28:18]} g5
{[%clk 1:23:33]} 11. Bc6 {[%clk 1:25:01]} Rb8 {[%clk 1:23:57]} 12. Bg3
{[%clk 1:25:26]} Qe7 {[%clk 1:23:18]} 13. Na3 {[%clk 1:21:47]} a6
{[%clk 1:16:56]} 14. Nc4 {[%clk 1:17:09]} b5 {[%clk 1:08:12]} 15. Ne3
{[%clk 1:13:46]} Bb7 {[%clk 1:02:28]} 16. Nf5 {[%clk 1:06:44]} Qe6
{[%clk 1:01:05]} 17. d5 {[%clk 1:04:51]} Qe8 {[%clk 1:01:27]} 18. Bxb7
{[%clk 1:04:23]} Rxb7 {[%clk 1:01:55]} 19. Nd2 {[%clk 1:00:16]} Nc5
{[%clk 0:56:39]} 20. Qf3 {[%clk 0:53:15]} Kh7 {[%clk 0:54:13]} 21. Nb3
{[%clk 0:45:48]} g4 {[%clk 0:47:21]} 22. Qd1 {[%clk 0:29:52]} Ncd7
{[%clk 0:34:07]} 23. Bh4 {[%clk 0:29:47]} Rg8 {[%clk 0:33:43]} 24. Na5
{[%clk 0:29:10]} Rb6 {[%clk 0:33:53]} 25. Nc6 {[%clk 0:29:15]} Bf8
{[%clk 0:33:40]} 26. b4 {[%clk 0:29:00]} Rg6 {[%clk 0:31:16]} 27. a4
{[%clk 0:28:49]} Nb8 {[%clk 0:28:02]} 28. Nxb8 {[%clk 0:28:02]} Rxb8
{[%clk 0:28:25]} 29. axb5 {[%clk 0:27:38]} axb5 {[%clk 0:28:43]} 30. Bxf6
{[%clk 0:27:59]} Rxf6 {[%clk 0:28:58]} 31. Qxg4 {[%clk 0:28:26]} Rg6
{[%clk 0:24:40]} 32. Qd1 {[%clk 0:25:53]} Be7 {[%clk 0:23:51]} 33. Ra7
{[%clk 0:25:50]} Rc8 {[%clk 0:23:20]} 34. g3 {[%clk 0:25:33]} Bg5
{[%clk 0:19:58]} 35. Qd3 {[%clk 0:24:14]} Kg8 {[%clk 0:14:20]} 36. Rea1
{[%clk 0:23:31]} Bd8 {[%clk 0:13:37]} 37. Ra8 {[%clk 0:22:55]} Rxa8
{[%clk 0:12:26]} 38. Rxa8 {[%clk 0:23:18]} Kh7 {[%clk 0:08:19]} 39. c4
{[%clk 0:22:46]} bxc4 {[%clk 0:07:45]} 40. Qxc4 {[%clk 0:22:42]} Rg8
{[%clk 0:06:36]} 41. b5 {[%clk 0:21:41]} Qd7 {[%clk 0:06:12]} 42. Qc6
{[%clk 0:22:02]} Qe8 {[%clk 0:03:49]} 43. b6 {[%clk 0:16:31]} 1-0

[Event "WCO2014"]
[Site "Tromso"]
[Date "2014.08.05"]
[Round "4.39"]
[WhiteID "6600522"]
[White "Aizpurua Patrick"]
[BlackID "14400049"]
[Black "Dizdarevic Emir"]
[Result "0-1"]
[LiveChessVersion "1.4.3"]
[BlackElo "2522"]
[WhiteElo "2172"]

1. c4 {[%clk 1:30:51]} e6 {[%clk 1:30:08]} 2. d4 {[%clk 1:30:53]} d5
{[%clk 1:30:20]} 3. cxd5 {[%clk 1:31:10]} exd5 {[%clk 1:30:36]} 4. Nf3
{[%clk 1:31:28]} c6 {[%clk 1:29:53]} 5. Nc3 {[%clk 1:31:42]} Bf5 {[%clk 1:30:04]}
6. Bg5 {[%clk 1:28:59]} Be7 {[%clk 1:27:46]} 7. Bxe7 {[%clk 1:29:05]} Qxe7
{[%clk 1:28:02]} 8. e3 {[%clk 1:29:16]} Nf6 {[%clk 1:28:19]} 9. Bd3
{[%clk 1:29:07]} Bg4 {[%clk 1:24:17]} 10. Qb3 {[%clk 1:27:36]} Bxf3
{[%clk 1:21:17]} 11. gxf3 {[%clk 1:27:55]} O-O {[%clk 1:18:57]} 12. a3
{[%clk 1:25:27]} Rd8 {[%clk 1:01:13]} 13. Rd1 {[%clk 1:07:33]} b6
{[%clk 0:55:08]} 14. Bb1 {[%clk 1:03:38]} Nbd7 {[%clk 0:52:38]} 15. Qa4
{[%clk 0:57:01]} b5 {[%clk 0:49:23]} 16. Qb3 {[%clk 0:56:07]} a5 {[%clk 0:48:05]}
17. O-O {[%clk 0:56:24]} Nf8 {[%clk 0:40:47]} 18. a4 {[%clk 0:52:46]} b4
{[%clk 0:38:05]} 19. Ne2 {[%clk 0:53:05]} g6 {[%clk 0:31:06]} 20. Qd3
{[%clk 0:42:18]} Ne6 {[%clk 0:30:28]} 21. f4 {[%clk 0:41:51]} c5 {[%clk 0:29:18]}
22. dxc5 {[%clk 0:39:36]} Nxc5 {[%clk 0:29:40]} 23. Qc2 {[%clk 0:37:41]} Rac8
{[%clk 0:27:33]} 24. Nd4 {[%clk 0:33:28]} Qd7 {[%clk 0:27:38]} 25. Qe2
{[%clk 0:31:15]} Qxa4 {[%clk 0:24:38]} 26. f5 {[%clk 0:31:15]} Qe8
{[%clk 0:20:36]} 27. f4 {[%clk 0:29:51]} a4 {[%clk 0:16:21]} 28. fxg6
{[%clk 0:30:01]} fxg6 {[%clk 0:15:45]} 29. f5 {[%clk 0:30:04]} g5
{[%clk 0:15:34]} 30. Qf3 {[%clk 0:30:01]} Qe5 {[%clk 0:14:23]} 31. Kh1 Kh8
{[%clk 0:14:13]} 32. Ne6 {[%clk 0:22:52]} Rg8 {[%clk 0:13:56]} 33. Rd4
{[%clk 0:22:54]} Nb3 {[%clk 0:13:21]} 34. Rdd1 {[%clk 0:21:19]} Qxb2
{[%clk 0:08:22]} 35. Rg1 {[%clk 0:20:30]} a3 {[%clk 0:04:33]} 36. Nxg5
{[%clk 0:19:32]} Rg7 {[%clk 0:01:34]} 37. Qf4 {[%clk 0:17:37]} Rcg8
{[%clk 0:01:02]} 38. Rg2 {[%clk 0:17:04]} Qc3 {[%clk 0:00:45]} 39. Rc2
{[%clk 0:17:33]} Qa1 {[%clk 0:00:46]} 40. Ra2 {[%clk 0:17:56]} Qc3
{[%clk 0:00:43]} 41. Rc2 {[%clk 0:18:16]} Qa1 {[%clk 0:27:17]} 42. Ra2
{[%clk 0:49:41]} Nh5 {[%clk 0:26:35]} 43. Qxb4 {[%clk 0:46:27]} Qe5
{[%clk 0:25:52]} 44. Nf3 {[%clk 0:45:07]} Qxe3 {[%clk 0:25:23]} 45. Rf1
{[%clk 0:39:30]} Qxf3+ {[%clk 0:25:27]} 0-1

[Event "WCO2014"]
[Site "Tromso"]
[Date "2014.08.05"]
[Round "4.38"]
[WhiteID "14403803"]
[White "Kadric Denis"]
[BlackID "6600174"]
[Black "Esquivel Golcher Luis"]
[Result "1-0"]
[LiveChessVersion "1.4.3"]
[BlackElo "2173"]
[WhiteElo "2473"]

1. e4 {[%clk 1:30:57]} e6 {[%clk 1:30:53]} 2. d4 {[%clk 1:31:22]} d5
{[%clk 1:31:18]} 3. Nd2 {[%clk 1:31:47]} Nf6 {[%clk 1:31:43]} 4. e5
{[%clk 1:32:11]} Nfd7 {[%clk 1:32:08]} 5. f4 {[%clk 1:32:26]} c5 {[%clk 1:32:10]}
6. c3 {[%clk 1:31:49]} b6 {[%clk 1:32:03]} 7. Ngf3 {[%clk 1:00:20]} Ba6
{[%clk 1:31:34]} 8. c4 {[%clk 1:00:39]} cxd4 {[%clk 1:26:21]} 9. cxd5
{[%clk 0:59:44]} Bxf1 {[%clk 1:24:04]} 10. Nxf1 {[%clk 0:53:10]} Bb4+
{[%clk 1:20:11]} 11. Bd2 {[%clk 0:50:04]} Na6 {[%clk 1:16:46]} 12. Nxd4
{[%clk 0:40:08]} Ndc5 {[%clk 1:05:45]} 13. d6 {[%clk 0:39:58]} Qh4+
{[%clk 0:21:26]} 14. g3 {[%clk 0:38:56]} Qh3 {[%clk 0:20:45]} 15. Qe2
{[%clk 0:34:57]} O-O {[%clk 0:09:00]} 16. O-O-O {[%clk 0:33:54]} Rac8
{[%clk 0:09:16]} 17. Kb1 {[%clk 0:34:00]} Bxd2 {[%clk 0:09:21]} 18. Nxd2
{[%clk 0:30:54]} Nb4 {[%clk 0:09:31]} 19. Ne4 {[%clk 0:28:55]} Nxe4
{[%clk 0:07:49]} 20. Qxe4 {[%clk 0:29:22]} Rc4 {[%clk 0:07:31]} 21. Rc1
{[%clk 0:27:26]} Rxd4 {[%clk 0:05:14]} 22. Qxd4 {[%clk 0:27:53]} Qf5+
{[%clk 0:05:33]} 23. Ka1 {[%clk 0:28:20]} Nc2+ {[%clk 0:05:58]} 24. Rxc2
{[%clk 0:28:47]} Qxc2 {[%clk 0:06:18]} 25. Qc3 {[%clk 0:26:52]} Qxc3
{[%clk 0:04:21]} 26. bxc3 {[%clk 0:27:19]} Rc8 {[%clk 0:04:30]} 27. Kb2
{[%clk 0:27:25]} Kf8 {[%clk 0:04:59]} 28. Rd1 {[%clk 0:27:19]} Rb8
{[%clk 0:05:05]} 29. Rd4 b5 {[%clk 0:04:17]} 30. Rb4 {[%clk 0:25:49]} a5
{[%clk 0:04:16]} 31. Rb3 {[%clk 0:25:49]} Ke8 {[%clk 0:04:03]} 32. Kc2
{[%clk 0:26:01]} Kd7 {[%clk 0:04:21]} 33. a4 {[%clk 0:26:25]} 1-0

[Event "WCO2014"]
[Site "Tromso"]
[Date "2014.08.05"]
[Round "4.37"]
[WhiteID "6600875"]
[White "Fuentes Adrian"]
[BlackID "14402661"]
[Black "Marjanovic Dejan"]
[Result "0-1"]
[LiveChessVersion "1.4.3"]
[BlackElo "2373"]
[WhiteElo "2105"]

1. e4 {[%clk 1:30:58]} g6 {[%clk 1:30:23]} 2. d4 {[%clk 1:31:09]} Bg7
{[%clk 1:30:32]} 3. Nc3 {[%clk 1:31:09]} c6 {[%clk 1:30:53]} 4. a4
{[%clk 1:31:10]} d5 {[%clk 1:30:49]} 5. e5 {[%clk 1:29:41]} f6 {[%clk 1:28:39]}
6. exf6 {[%clk 1:17:26]} exf6 {[%clk 1:28:24]} 7. Nf3 {[%clk 1:17:00]} Ne7
{[%clk 1:27:42]} 8. Bd3 {[%clk 1:12:55]} O-O {[%clk 1:25:01]} 9. O-O
{[%clk 1:12:36]} Bg4 {[%clk 1:20:16]} 10. h3 {[%clk 1:12:46]} Bxf3
{[%clk 1:20:12]} 11. Qxf3 {[%clk 1:13:06]} Nd7 {[%clk 1:16:09]} 12. Re1
{[%clk 1:05:29]} f5 {[%clk 1:10:44]} 13. Bg5 {[%clk 1:04:57]} Bf6
{[%clk 1:06:23]} 14. Qf4 {[%clk 0:46:53]} Bxg5 {[%clk 1:01:21]} 15. Qxg5
{[%clk 0:47:19]} Nc8 {[%clk 0:59:42]} 16. Qxd8 {[%clk 0:41:33]} Rxd8
{[%clk 1:00:03]} 17. Ne2 {[%clk 0:40:46]} Nd6 {[%clk 0:55:35]} 18. Nf4
{[%clk 0:40:37]} Re8 {[%clk 0:46:04]} 19. b3 {[%clk 0:34:03]} Kf7
{[%clk 0:44:51]} 20. h4 {[%clk 0:32:00]} a5 {[%clk 0:33:18]} 21. c4
{[%clk 0:31:01]} dxc4 {[%clk 0:32:30]} 22. bxc4 {[%clk 0:31:22]} c5
{[%clk 0:31:51]} 23. d5 {[%clk 0:24:24]} Ne5 {[%clk 0:28:04]} 24. Rec1
{[%clk 0:24:23]} Rac8 {[%clk 0:26:13]} 25. Bf1 {[%clk 0:20:03]} Nd7
{[%clk 0:18:39]} 26. Rab1 {[%clk 0:17:50]} h6 {[%clk 0:16:14]} 27. h5
{[%clk 0:15:17]} g5 {[%clk 0:14:05]} 28. Ne6 {[%clk 0:15:45]} Re7
{[%clk 0:13:43]} 29. Rb3 {[%clk 0:11:26]} Nf8 {[%clk 0:12:30]} 30. Rb6
{[%clk 0:11:55]} Rd7 {[%clk 0:11:50]} 31. Re1 {[%clk 0:09:54]} Re8
{[%clk 0:10:15]} 32. Nxf8 {[%clk 0:05:58]} Kxf8 {[%clk 0:10:31]} 33. Rxe8+
{[%clk 0:06:14]} Kxe8 {[%clk 0:10:49]} 34. Bd3 {[%clk 0:06:43]} f4
{[%clk 0:08:04]} 35. Kh2 {[%clk 0:01:54]} Ke7 {[%clk 0:07:38]} 36. Kh3
{[%clk 0:02:07]} Kf6 {[%clk 0:07:47]} 37. Kg4 {[%clk 0:01:41]} Ke5
{[%clk 0:07:59]} 38. g3 {[%clk 0:00:33]} Rf7 {[%clk 0:03:39]} 39. Be2
{[%clk 0:00:32]} fxg3 {[%clk 0:03:45]} 40. fxg3 {[%clk 0:00:42]} Rf6
{[%clk 0:04:06]} 41. Rb2 {[%clk 0:00:31]} Kd4 {[%clk 0:02:30]} 42. Rb6
{[%clk 0:28:48]} Ke5 {[%clk 0:32:09]} 43. Rb1 {[%clk 0:23:37]} Ne4
{[%clk 0:30:27]} 44. Kh3 {[%clk 0:22:37]} b6 {[%clk 0:30:23]} 45. Re1
{[%clk 0:20:10]} Kd4 {[%clk 0:26:53]} 46. Bf1 {[%clk 0:17:58]} Nd2
{[%clk 0:21:25]} 47. Be2 {[%clk 0:14:57]} Rf8 {[%clk 0:19:32]} 48. Rd1
{[%clk 0:13:17]} Ke3 {[%clk 0:19:03]} 49. Bg4 {[%clk 0:13:31]} Nxc4
{[%clk 0:18:43]} 50. d6 {[%clk 0:14:00]} Rd8 {[%clk 0:18:10]} 51. d7
{[%clk 0:13:53]} Ne5 {[%clk 0:18:06]} 52. Bf5 {[%clk 0:13:59]} c4
{[%clk 0:17:09]} 53. Rd5 {[%clk 0:12:44]} Nc6 {[%clk 0:12:57]} 54. Rd6
{[%clk 0:13:12]} Nd4 {[%clk 0:12:57]} 55. Rd5 {[%clk 0:13:39]} Nxf5
{[%clk 0:13:11]} 56. Rxf5 {[%clk 0:12:21]} c3 {[%clk 0:13:35]} 0-1

[Event "WCO2014"]
[Site "Tromso"]
[Date "2014.08.05"]
[Round "4.21"]
[WhiteID "12800023"]
[White "Rozentalis Eduardas"]
[BlackID "7700156"]
[Black "Harper Ryan"]
[Result "1-0"]
[LiveChessVersion "1.4.3"]
[BlackElo "2236"]
[WhiteElo "2606"]

1. e4 {[%clk 1:30:56]} e5 {[%clk 1:30:55]} 2. Nf3 {[%clk 1:31:17]} Nc6
{[%clk 1:31:18]} 3. Bb5 {[%clk 1:31:35]} a6 {[%clk 1:31:40]} 4. Bxc6
{[%clk 1:31:55]} dxc6 {[%clk 1:32:04]} 5. d3 {[%clk 1:32:04]} Bd6
{[%clk 1:30:00]} 6. Be3 {[%clk 1:31:32]} Ne7 {[%clk 1:29:35]} 7. Nbd2
{[%clk 1:31:19]} f6 {[%clk 1:28:21]} 8. a4 {[%clk 1:29:54]} a5 {[%clk 1:21:20]}
9. O-O {[%clk 1:27:03]} O-O {[%clk 1:16:35]} 10. h3 {[%clk 1:26:13]} Be6
{[%clk 1:08:18]} 11. d4 {[%clk 1:25:31]} Ng6 {[%clk 0:56:10]} 12. dxe5
{[%clk 1:23:22]} fxe5 {[%clk 0:42:07]} 13. Ng5 {[%clk 1:22:23]} Qe8
{[%clk 0:40:01]} 14. Nxe6 {[%clk 1:21:22]} Qxe6 {[%clk 0:40:23]} 15. Qg4
{[%clk 1:21:31]} Qe7 {[%clk 0:33:40]} 16. g3 {[%clk 1:19:48]} Bc5
{[%clk 0:18:46]} 17. Nc4 {[%clk 1:18:44]} Bxe3 {[%clk 0:18:30]} 18. Nxe3
{[%clk 1:18:34]} Rf6 {[%clk 0:17:44]} 19. Rad1 {[%clk 1:17:21]} Nf8
{[%clk 0:15:51]} 20. Nf5 {[%clk 1:10:12]} Qf7 {[%clk 0:16:03]} 21. f4
{[%clk 1:09:37]} exf4 {[%clk 0:08:43]} 22. Rxf4 {[%clk 1:01:02]} Ng6
{[%clk 0:04:26]} 23. Rf2 {[%clk 0:58:20]} Ne5 {[%clk 0:03:59]} 24. Qg5
{[%clk 0:52:07]} Kh8 {[%clk 0:02:36]} 25. Rdf1 {[%clk 0:49:32]} Rf8
{[%clk 0:01:21]} 26. b3 {[%clk 0:48:03]} Qg8 {[%clk 0:00:45]} 27. Qd2
{[%clk 0:40:47]} g6 {[%clk 0:01:01]} 28. Qxa5 {[%clk 0:37:50]} Qe6
{[%clk 0:00:50]} 29. Nd4 {[%clk 0:36:27]} Qd6 {[%clk 0:00:47]} 30. Qc3
{[%clk 0:30:07]} Rxf2 {[%clk 0:00:56]} 31. Rxf2 {[%clk 0:30:24]} Rxf2
{[%clk 0:01:19]} 32. Kxf2 {[%clk 0:30:45]} Kg8 {[%clk 0:01:35]} 33. b4
{[%clk 0:29:23]} Qd7 {[%clk 0:01:16]} 34. Kg2 {[%clk 0:23:10]} Qd6
{[%clk 0:00:52]} 35. a5 {[%clk 0:21:01]} h5 {[%clk 0:00:58]} 36. Qc5
{[%clk 0:20:20]} Qf6 {[%clk 0:01:21]} 37. b5 {[%clk 0:17:55]} h4 {[%clk 0:00:51]}
38. bxc6 {[%clk 0:12:10]} hxg3 {[%clk 0:01:10]} 39. Nf5 {[%clk 0:12:33]} Nxc6
{[%clk 0:00:54]} 40. Nxg3 {[%clk 0:10:26]} Ne5 {[%clk 0:00:39]} 41. Qe3
{[%clk 0:04:28]} Kh7 {[%clk 0:25:45]} 42. Qc3 {[%clk 0:31:37]} c6
{[%clk 0:14:52]} 43. Nf1 {[%clk 0:26:27]} Qf4 {[%clk 0:14:34]} 44. Qe3
{[%clk 0:26:19]} Qf7 {[%clk 0:13:10]} 45. Nd2 {[%clk 0:22:57]} Qf6
{[%clk 0:09:29]} 46. Qg3 {[%clk 0:19:24]} Qd6 {[%clk 0:08:33]} 47. Nf3
{[%clk 0:18:02]} Nf7 {[%clk 0:05:44]} 48. Ng5+ {[%clk 0:16:38]} Kg7
{[%clk 0:02:25]} 49. Nxf7 {[%clk 0:16:13]} Qd2+ {[%clk 0:02:15]} 50. Qf2
{[%clk 0:16:37]} Qxa5 {[%clk 0:01:59]} 51. h4 {[%clk 0:16:04]} Qh5
{[%clk 0:01:58]} 52. Ng5 {[%clk 0:16:19]} Qg4+ {[%clk 0:01:59]} 53. Kh2
{[%clk 0:16:39]} Qd7 {[%clk 0:01:37]} 54. e5 {[%clk 0:16:29]} 1-0

[Event "WCO2014"]
[Site "Tromso"]
[Date "2014.08.05"]
[Round "4.22"]
[WhiteID "7700750"]
[White "Winter Atwell Adrian"]
[BlackID "12803731"]
[Black "Laurusas Tomas"]
[Result "0-1"]
[LiveChessVersion "1.4.3"]
[BlackElo "2435"]
[WhiteElo "2110"]

1. e4 {[%clk 1:30:53]} c6 {[%clk 1:30:06]} 2. d4 {[%clk 1:31:01]} d5
{[%clk 1:30:25]} 3. exd5 {[%clk 1:31:11]} cxd5 {[%clk 1:30:50]} 4. c4
{[%clk 1:31:30]} Nf6 {[%clk 1:31:16]} 5. Nc3 {[%clk 1:31:29]} e6 {[%clk 1:31:40]}
6. cxd5 {[%clk 1:31:10]} Nxd5 {[%clk 1:31:39]} 7. Nf3 {[%clk 1:31:06]} Bb4
{[%clk 1:28:22]} 8. Bd2 {[%clk 1:30:53]} Nc6 {[%clk 1:28:30]} 9. Bd3
{[%clk 1:29:02]} O-O {[%clk 1:22:16]} 10. O-O {[%clk 1:27:59]} Nxc3
{[%clk 1:17:51]} 11. bxc3 {[%clk 1:26:07]} Be7 {[%clk 1:17:34]} 12. Qe2
{[%clk 1:22:18]} g6 {[%clk 1:16:19]} 13. Rfd1 {[%clk 1:20:32]} b6
{[%clk 1:11:58]} 14. Bh6 {[%clk 1:18:35]} Re8 {[%clk 1:09:54]} 15. Be4
{[%clk 1:18:10]} Bb7 {[%clk 1:09:23]} 16. d5 {[%clk 1:17:14]} exd5
{[%clk 1:04:42]} 17. Bxd5 {[%clk 1:16:59]} Qc8 {[%clk 1:01:03]} 18. Re1
{[%clk 0:54:31]} Na5 {[%clk 0:55:42]} 19. c4 {[%clk 0:53:53]} Bf6
{[%clk 0:50:39]} 20. Qxe8+ {[%clk 0:50:01]} Qxe8 {[%clk 0:51:00]} 21. Rxe8+
{[%clk 0:50:26]} Rxe8 {[%clk 0:51:21]} 22. Re1 {[%clk 0:50:11]} Rxe1+
{[%clk 0:47:10]} 23. Nxe1 {[%clk 0:50:31]} Ba6 {[%clk 0:47:38]} 24. Bf4
{[%clk 0:46:57]} Bxc4 {[%clk 0:47:35]} 25. Bxc4 {[%clk 0:46:56]} Nxc4
{[%clk 0:47:47]} 26. Kf1 {[%clk 0:44:15]} Kf8 {[%clk 0:45:26]} 27. Ke2
{[%clk 0:44:29]} Ke7 {[%clk 0:45:49]} 28. Kd3 {[%clk 0:43:42]} Nb2+
{[%clk 0:44:12]} 29. Kc2 {[%clk 0:40:37]} Na4 {[%clk 0:44:31]} 30. Bd2
{[%clk 0:39:10]} Ke6 {[%clk 0:44:09]} 31. Nd3 {[%clk 0:38:54]} Kd5
{[%clk 0:44:10]} 32. Nb4+ {[%clk 0:38:19]} Kc4 {[%clk 0:44:19]} 33. Nd3
{[%clk 0:37:15]} Bd4 {[%clk 0:41:30]} 34. f3 {[%clk 0:32:09]} a5 {[%clk 0:36:54]}
35. h4 {[%clk 0:32:08]} Nc5 {[%clk 0:37:14]} 36. Nf4 {[%clk 0:31:29]} Be5
{[%clk 0:36:30]} 37. Nh3 {[%clk 0:30:34]} Ne6 {[%clk 0:36:19]} 38. f4
{[%clk 0:30:09]} Bf6 {[%clk 0:36:39]} 39. g3 {[%clk 0:25:28]} Nd4+
{[%clk 0:36:52]} 40. Kd1 {[%clk 0:25:35]} Nf5 {[%clk 0:36:27]} 41. Be1
{[%clk 0:25:04]} a4 {[%clk 0:36:31]} 42. Ng1 {[%clk 0:24:28]} b5 {[%clk 0:36:38]}
43. Nf3 {[%clk 0:24:17]} b4 {[%clk 0:36:42]} 44. Kc1 {[%clk 0:23:45]} h5
{[%clk 0:37:02]} 45. Nd2+ {[%clk 0:23:30]} Kd3 {[%clk 0:37:10]} 46. Nb1
{[%clk 0:22:54]} Bc3 {[%clk 0:37:12]} 47. Bf2 {[%clk 0:21:41]} a3
{[%clk 0:36:48]} 48. Kd1 {[%clk 0:20:29]} b3 {[%clk 0:37:06]} 49. Nxa3
{[%clk 0:19:56]} bxa2 {[%clk 0:37:28]} 50. Nc2 {[%clk 0:20:12]} a1=R+
{[%clk 0:37:39]} 51. Nxa1 {[%clk 0:20:38]} Bxa1 0-1

[Event "WCO2014"]
[Site "Tromso"]
[Date "2014.08.05"]
[Round "4.23"]
[WhiteID "12802085"]
[White "Beinoras Mindaugas"]
[BlackID "7700199"]
[Black "Singh Ravishen"]
[Result "1-0"]
[LiveChessVersion "1.4.3"]
[BlackElo "2104"]
[WhiteElo "2402"]

1. d4 {[%clk 1:30:58]} Nf6 {[%clk 1:30:58]} 2. Bg5 {[%clk 1:31:21]} d5
{[%clk 1:31:16]} 3. e3 {[%clk 1:31:37]} Nbd7 {[%clk 1:30:36]} 4. Nf3
{[%clk 1:29:01]} c6 {[%clk 1:26:13]} 5. Bd3 {[%clk 1:28:24]} g6 {[%clk 1:26:07]}
6. O-O {[%clk 1:27:52]} Bg7 {[%clk 1:26:32]} 7. c4 {[%clk 1:28:18]} O-O
{[%clk 1:26:46]} 8. Nc3 {[%clk 1:28:35]} Nb6 {[%clk 1:26:47]} 9. cxd5
{[%clk 1:19:32]} cxd5 {[%clk 1:26:56]} 10. Qb3 {[%clk 1:19:53]} Be6
{[%clk 1:19:06]} 11. a4 {[%clk 1:18:25]} a5 {[%clk 1:07:13]} 12. h3
{[%clk 1:11:38]} Nc4 {[%clk 1:03:11]} 13. Bf4 {[%clk 1:10:52]} b6
{[%clk 1:02:40]} 14. Nb5 {[%clk 1:07:53]} Ne4 {[%clk 0:58:00]} 15. Bc7
{[%clk 0:54:19]} Qd7 {[%clk 0:53:57]} 16. Qc2 {[%clk 0:50:22]} Bxh3
{[%clk 0:47:03]} 17. gxh3 {[%clk 0:46:55]} Qxh3 {[%clk 0:47:30]} 18. Bxe4
{[%clk 0:45:04]} Qg4+ {[%clk 0:47:46]} 19. Kh1 {[%clk 0:41:35]} dxe4
{[%clk 0:47:28]} 20. Nh2 {[%clk 0:41:51]} Qe6 {[%clk 0:46:56]} 21. Rac1
{[%clk 0:39:40]} Nd6 {[%clk 0:41:44]} 22. Bxd6 {[%clk 0:38:43]} exd6
{[%clk 0:42:10]} 23. Nc7 {[%clk 0:38:41]} Qe7 {[%clk 0:41:35]} 24. Nxa8
{[%clk 0:38:58]} Rxa8 {[%clk 0:42:04]} 25. Qc7 {[%clk 0:38:09]} Qe6
{[%clk 0:38:20]} 26. Qxb6 {[%clk 0:37:39]} Bf8 {[%clk 0:37:53]} 27. Qc6
{[%clk 0:33:58]} Rb8 {[%clk 0:33:28]} 28. Rc2 {[%clk 0:34:13]} Qf5
{[%clk 0:33:05]} 29. f3 {[%clk 0:31:54]} d5 {[%clk 0:33:14]} 30. Qc7
{[%clk 0:31:56]} Re8 {[%clk 0:28:58]} 31. Rg2 {[%clk 0:30:03]} Rc8
{[%clk 0:23:45]} 32. Qxa5 {[%clk 0:28:21]} exf3 {[%clk 0:23:48]} 33. Nxf3
{[%clk 0:28:15]} Bd6 {[%clk 0:22:48]} 34. Qd2 {[%clk 0:28:05]} Qh3+
{[%clk 0:23:01]} 35. Kg1 {[%clk 0:28:28]} 1-0